Hindu manners, customs and ceremonies / (Record no. 123693)
[ view plain ]
| 000 -LEADER | |
|---|---|
| fixed length control field | 00791nam a22002537a 4500 |
| 005 - DATE AND TIME OF LATEST TRANSACTION | |
| control field | 20170124105929.0 |
| 010 ## - LIBRARY OF CONGRESS CONTROL NUMBER | |
| LC control number | A-576017 |
| 020 ## - INTERNATIONAL STANDARD BOOK NUMBER | |
| Terms of availability | 150.00 |
| 035 ## - SYSTEM CONTROL NUMBER | |
| System control number | A-576017 |
| 037 ## - SOURCE OF ACQUISITION | |
| Source of stock number/acquisition | Cen Lib/Ret |
| 040 ## - CATALOGING SOURCE | |
| Original cataloging agency | DPL |
| Language of cataloging | EN |
| 082 ## - DEWEY DECIMAL CLASSIFICATION NUMBER | |
| Classification number | 390.954 |
| Item number | DUB |
| 100 ## - MAIN ENTRY--PERSONAL NAME | |
| Personal name | Dubois, Abbe J. A. |
| 9 (RLIN) | 7711 |
| 245 ## - TITLE STATEMENT | |
| Title | Hindu manners, customs and ceremonies / |
| Statement of responsibility, etc | by Abbe J. A. Dubois; translated by Hennry K. Beauchamp |
| 250 ## - EDITION STATEMENT | |
| Edition statement | 3rd ed. |
| 260 ## - PUBLICATION, DISTRIBUTION, ETC. (IMPRINT) | |
| Place of publication, distribution, etc | Calcutta |
| Name of publisher, distributor, etc | Rupa |
| Date of publication, distribution, etc | 1906 |
| 270 ## - ADDRESS | |
| City | Calcutta |
| Address | 15, Bankim Chatterjee Street |
| Postal code | 700073 |
| 300 ## - PHYSICAL DESCRIPTION | |
| Extent | xli, 842p. |
| Dimensions | 20cm(Hb) |
| 500 ## - GENERAL NOTE | |
| General note | Includes appendix and index |
| 650 ## - SUBJECT ADDED ENTRY--TOPICAL TERM | |
| Topical term or geographic name as entry element | Hindu manners |
| 9 (RLIN) | 7712 |
| 650 ## - SUBJECT ADDED ENTRY--TOPICAL TERM | |
| Topical term or geographic name as entry element | Traditions and customs |
| 9 (RLIN) | 7713 |
| 700 ## - ADDED ENTRY--PERSONAL NAME | |
| Personal name | Beauchamp, Hennry K. |
| 9 (RLIN) | 73829 |
| 942 ## - ADDED ENTRY ELEMENTS (KOHA) | |
| Source of classification or shelving scheme | Dewey Decimal Classification |
| Koha item type | English Books |
| Classification part | 390.954 |
| Call number suffix | DUB |
| Withdrawn status | Lost status | Damaged status | Not for loan | Home library | Current library | Date acquired | Source of acquisition | Cost, normal purchase price | Total Checkouts | Full call number | Barcode | Date last seen | Copy number | Cost, replacement price | Price effective from | Koha item type | Public note |
|---|---|---|---|---|---|---|---|---|---|---|---|---|---|---|---|---|---|
| Written off | Central Library | Central Library | 11/06/2015 | Cen Lib/Ret | 150.00 | 390.954 DUB | A-576017 | 11/06/2015 | 1 | 150.00 | 11/06/2015 | English Books | Written off on approval by DLB (By Circulation); dtd 15-06-2023 |
